| 000 | 00576cam a2200205 4500 | ||
|---|---|---|---|
| 001 | D15697 | ||
| 008 | 090401t1984 xxu||||| |||| 00| 0 eng d | ||
| 035 | _a(Sirsi) u24654 | ||
| 041 | _aeng | ||
| 050 | _a333.339 | ||
| 110 |
_aRoyal Institution of Chartered Surveyors _94900 |
||
| 245 | _aMineral valuation: principles and problems | ||
| 260 |
_bR.W. Willson _c1984 |
||
| 300 | _a9 leaves. 30cm | ||
| 350 | _a0 | ||
| 520 | _aCaption title : Typescript : Winner of the 1984 RICS Ryde Memorial Prize | ||
| 650 | _aMINERAL VALUATION | ||
| 942 | _n0 | ||
| 948 | _c04/03/1997 | ||
| 999 |
_c88586 _d88586 |
||